Fr. Conceicao Rodrigues College of Engineering

Decorating Book (Record no. 29022)

MARC details
000 -LEADER
fixed length control field 00306nam a2200145Ia 4500
082 ## - DEWEY DECIMAL CLASSIFICATION NUMBER
Classification number 747
100 ## - MAIN ENTRY--PERSONAL NAME
Personal name Gilliatt/Mary
245 ## - TITLE STATEMENT
Title Decorating Book
260 ## - PUBLICATION, DISTRIBUTION, ETC.
Name of publisher, distributor, etc. Dorling Kindensley
Place of publication, distribution, etc. London
Date of publication, distribution, etc. 1981
300 ## - PHYSICAL DESCRIPTION
Extent 368
546 ## - LANGUAGE NOTE
Language note ENGLISH
650 ## - SUBJECT ADDED ENTRY--TOPICAL TERM
Topical term or geographic name entry element General
654 ## - SUBJECT ADDED ENTRY--FACETED TOPICAL TERMS
Focus term Decorating Book
942 ## - ADDED ENTRY ELEMENTS (KOHA)
Koha item type BOOK
Holdings
Withdrawn status Lost status Damaged status Not for loan Collection Home library Current library Shelving location Date acquired Source of acquisition Cost, normal purchase price Inventory number Total Checkouts Full call number Barcode Date last seen Cost, replacement price Price effective from Koha item type
        AFT Fr. Agnel's C.Rodrigues College of Engineering Fr. Agnel's C.Rodrigues College of Engineering   17/03/2023 READERS DIGEST 299.00 69037   747 AFT4429 17/03/2023 299.00 17/03/2023 BOOK